00988 a2200181 45000010006000000050017000060080041000230030015000640400040000790800034001192450030001530200018001832640037002013000019002385050513002571000022007707000014007923488020260407155634.0260407a1973 arg spa dAR-UNSa-BCEJYS aAR-UNSa-BCEJYSbspacAR-UNSa-BCEJYS a657.312xTipo de presupuestos10aGestiónn presupuestaria a84-234-0014-X 1aBilbao :bEdiciones Deustoc1973 a271 p.c21 cm. a1. Generalidades - 2. El control presupuestario de las ventas - 3. El control presupuestario de la distribución - 4. El control presupuestario de la producción - 5. El control presupuestario de los aprovisionamientos - 6. El control presupuestario de las inversiones - 7. El control presupuestario de la tesoreria - 8. Organización general de la empresa y control presupuestario - 9. La política general de la empresa y los documentos de sintesis - 10. La puesta en marcha del control presupuestario.1 aGil Castro, Pablo1 aMeyer, J.